Normal view
MARC view
Entry Uniform Title
001 - CONTROL NUMBER
- control field: 36416
003 - CONTROL NUMBER IDENTIFIER
- control field: dpl
005 - DATE AND TIME OF LATEST TRANSACTION
- control field: 20111201170103.0
008 - FIXED-LENGTH DATA ELEMENTS
- fixed length control field: 111201|||a|||||| | ||| d
040 ## - CATALOGING SOURCE
- Original cataloging agency: dpl
- Transcribing agency: dpl
130 ## - HEADING--UNIFORM TITLE
- Uniform title: प्रश्न पत्र-1
670 ## - SOURCE DATA FOUND
- Source citation: Work cat.: (dpl)58896: 23632 हुसैन,माजिद, भारत एवं विश्व का भूगोल ;, 2011
670 ## - SOURCE DATA FOUND
- Source citation: Work cat.: (dpl)58896: 23632 हुसैन,माजिद, भारत एवं विश्व का भूगोल ;, 2011
